الحديث الموضوعي : (رقم التسجيلة. 129452)
[ عرض عادي ]
| 000 -الفاتح | |
|---|---|
| عناصر البيانات ثابتة الطول | 00917cam a2200217 i 4500 |
| 005 - تاريخ ووقت آخر معاملة | |
| حقل ضبط | 20251201080718.0 |
| 008 - عناصر البيانات ثابتة الطول | |
| عناصر البيانات ثابتة الطول | 250721s2014 jo gr 000 0 ara d |
| 020 ## - الترقيم الدولي المعياري للكتب (ردمك) | |
| الترقيم الدولي المعياري للكتب (ردمك) | 9789957507176 |
| 082 14 - رقم تصنيف ديوي العشري | |
| رقم التصنيف | 213.1 |
| رقم المادة | ش ر م |
| 100 1# - مدخل رئيسي – اسم شخصي | |
| الاسم الشخصي | الشرمان، خالد محمد محمود |
| علاقة الشخص بالعمل/ دوره | معد. |
| 245 12 - بيان العنوان | |
| العنوان | الحديث الموضوعي : |
| بقية العنوان | "دراسة تأصيلية تطبيقية" / |
| بيان المسؤولية | إعداد خالد محمد محمود الشرمان، إشراف الأستاذ الدكتور محمد العمري. |
| 246 10 - الأشكال المختلفة للعنوان | |
| العنوان الفعلي/العنوان المختصر | AL- Hadith AL-Mawduei (An Applied And Authenticated Study) |
| 250 ## - بيان الطبعة | |
| بيان الطبعة | الطبعة الأولى. |
| 264 31 - بيانات النشر، التوزيع…إلخ | |
| مكان النشر، التوزيع...إلخ | عمان : |
| اسم الناشر، الموزع...إلخ | دار الفرقان للنشر والتوزيع، |
| تاريخ النشر، التوزيع...إلخ | 2014. |
| 300 ## - الوصف المادي | |
| عدد الوحدات المكونة للوعاء | 352 صفحة. |
| 650 17 - مدخل إضافي بالموضوع - مصطلح موضوعي | |
| مصطلح موضوعي أو اسم جغرافي كعنصر مدخل | الاسلام. |
| 650 17 - مدخل إضافي بالموضوع - مصطلح موضوعي | |
| مصطلح موضوعي أو اسم جغرافي كعنصر مدخل | الحديث الشريف. |
| 650 17 - مدخل إضافي بالموضوع - مصطلح موضوعي | |
| مصطلح موضوعي أو اسم جغرافي كعنصر مدخل | الحديث الموضوع. |
| 942 ## - بيانات إضافية (كوها) | |
| نوع التنصيف | Dewey Decimal Classification |
| نوع المادة (كوها) | كتب |
| حالة السحب | حالة الفقدان | مصدر التصنيف | حالة التلف | غير قابل للإعارة | المكتبة الرئيسية | المكتبة الحالية | موقع الرف | تاريخ التزويد | الرقم المتسلسل | Total Checkouts | رقم الإستدعاء | الباركود | تاريخ آخر ظهور | تاريخ الفاتورة | نوع المادة (كوها) |
|---|---|---|---|---|---|---|---|---|---|---|---|---|---|---|---|
| Dewey Decimal Classification | المكتبة المركزية | المكتبة المركزية | الإعارة | 28/07/2025 | 1571690 | 213.1/شرم | PLD00299733 | 28/07/2025 | 28/07/2025 | كتب | |||||
| Dewey Decimal Classification | مكتبة الاميرة بديعة | مكتبة الاميرة بديعة | الإعارة | 22/04/2014 | 1571692 | 213.1/شرم | PLD00300164 | 28/07/2025 | 22/04/2014 | كتب | |||||
| Dewey Decimal Classification | مكتبة الجويدة | مكتبة الجويدة | الإعارة | 22/04/2014 | 1571693 | 213.1/شرم | PLD00300165 | 28/07/2025 | 22/04/2014 | كتب | |||||
| Dewey Decimal Classification | مكتبة النصر العامة | مكتبة النصر العامة | الإعارة | 22/04/2014 | 1571694 | 213.1/شرم | PLD00300166 | 28/07/2025 | 22/04/2014 | كتب |